Welche Farbe ist nicht auf der Flagge zu sehen? - Statistiken

Allgemein
  • Dieses Quiz wurde 554 mal gespielt
  • Das Durchschnittsergebnis liegt bei 12 aus 15
Antwortstatistiken
Hint Explanation Antwort % Korrekt
Österreich
94%
Griechenland
94%
Kanada
93%
Finnland
92%
Israel
92%
Argentinien
90%
Ägypten
85%
Estland
84%
Rumänien
84%
Libanon
78%
Liechtenstein
77%
Kolumbien
73%
Mongolei
66%
Mauritius
58%
Simbabwe
51%
Keine übereinstimmenden Quizze gefunden
Verteilung der Resultate
Anzahl Personen mit jedem Resultat
Perzentil nach korrekt beantworteten Fragen
Ihre Resultats-Entwicklung
Sie haben dieses Quiz noch nicht gespielt